00821nam a22002657a 450000500170000001000110001702000100002803500110003803700160004904000120006508200160007710000300009324500550012325000110017826000590018927000310024830000250027950000290030465000200033365000220035370000100037594200250038599900190041095201260042920170124110226.0 a234426 c00.00 a234426 bCen Lib/Ret aDPLbEN a610.73bMYL aMyles, Margaret F.940697 aA text book for midwives /cby Margaret F. Myles a7th ed aLivingstone bThe English Language Book Society c1971 aLivingstone bLivingstone  axix,827p. c21cm(Hb) aIncludes golssary index amidwives940698 aObstetrics934040 910555 2ddccENh610.73mMYL c134429d134429 001040718REFaLbLd2015-07-30eCen Lib/Retg0.00l0o610.73 MYLp234426r2015-07-30 00:00:00t1v0.00w2015-07-30yEN